The architecture of light: (Record no. 355918)

000 -LEADER
fixed length control field 00615nam a22001577a 4500
008 - FIXED-LENGTH DATA ELEMENTS--GENERAL INFORMATION
fixed length control field 160111b xxu||||| |||| 00| 0 eng d
020 ## - INTERNATIONAL STANDARD BOOK NUMBER
International Standard Book Number 9780980061710
082 ## - DEWEY DECIMAL CLASSIFICATION NUMBER
Classification number 729.28
Author Mark RUS-A 2012
100 ## - MAIN ENTRY--PERSONAL NAME
Personal name Russell, Sage
245 ## - TITLE STATEMENT
Title The architecture of light:
Remainder of title architectural lighting design concepts and techniques : a textbook of procedures and practices for the architect, interior designer and lighting designer.
Statement of responsibility, etc. Russell, Sage
250 ## - EDITION STATEMENT
Edition statement 2nd.
260 ## - PUBLICATION, DISTRIBUTION, ETC.
Place of publication, distribution, etc. La Jolla:
Name of publisher, distributor, etc. Conceptnine Print Media,
Date of publication, distribution, etc. 2012.
300 ## - PHYSICAL DESCRIPTION
Extent p.280;
Other physical details ill.;
Dimensions 26cm.
650 ## - SUBJECT ADDED ENTRY--TOPICAL TERM
Topical term or geographic name entry element Lighting, Architectural and decorative
942 ## - ADDED ENTRY ELEMENTS (KOHA)
Source of classification or shelving scheme
Koha item type Book
Holdings
Withdrawn status Lost status Source of classification or shelving scheme Damaged status Not for loan Collection code Permanent Location Current Location Shelving location Date acquired Source of acquisition Cost, normal purchase price Total Checkouts Full call number Barcode Date last seen Price effective from Koha item type Copy number
            US-Pakistan Center for Advanced Studies in Energy (USPCAS-E) US-Pakistan Center for Advanced Studies in Energy (USPCAS-E)   01/11/2016 Iqra 6473.00   729.28 RUS-A 2012 CAS-E0001163 01/11/2016 01/11/2016 Book  
            US-Pakistan Center for Advanced Studies in Energy (USPCAS-E) US-Pakistan Center for Advanced Studies in Energy (USPCAS-E)   01/11/2016 Iqra 6473.00   729.28 RUS-A 2012 CAS-E0001164 01/11/2016 01/11/2016 Book C.2
© 2023 Central Library, National University of Sciences and Technology. All Rights Reserved.